Provinces of Argentina - Statistics

General Stats
  • This quiz has been taken 32,719 times
  • The average score is 17 of 24
Answers on the Map
Answers color-coded by a green-red scale on the quiz's map according to % correct below.
 
Answer Stats
Province % Correct
Buenos Aires
98%
Ciudad de Buenos Aires
98%
Tierra del Fuego
84%
Córdoba
83%
Mendoza
76%
Jujuy
72%
La Pampa
72%
Salta
72%
Misiones
71%
Santa Fe
71%
Chubut
68%
Rio Negro
67%
Tucumán
67%
Entre Ríos
66%
Santa Cruz
66%
San Juan
65%
Corrientes
64%
Formosa
64%
Neuquén
64%
Chaco
62%
San Luis
62%
Santiago del Estero
60%
La Rioja
58%
Catamarca
56%
No matching quizzes found
Score Distribution
Percent of People with Each Score
Percentile by Number Answered
Your Score History
You have not taken this quiz